Non-EU Countries using the Euro - Statistics

General Stats
  • This quiz has been taken 77 times
  • The average score is 5 of 6
Answer Stats
Currency status Country % Correct
Official Andorra
96%
Official Monaco
94%
Official San Marino
92%
Official Vatican City
92%
De facto Kosovo
70%
De facto Montenegro
68%
No matching quizzes found
Score Distribution
Percent of People with Each Score
Percentile by Number Answered
Your Score History
You have not taken this quiz